000
00252nam a2200097Ia 4500
008
231107s2008 xx 000 0 und d
041
_a
eng
100
_a
Hamilton Nick
245
_a
Organic Gardening Techniques
260
_a
London
_b
New Holland pub.
_c
2008
999
_c
929651
_d
929651